000 00434nam a2200157Ia 4500
008 210210b2003 xxu||||| |||| 00| 0 eng d
020 _a0 14 302959 2
082 _a954.4 BHAR
100 _aBHARUCHA (Rustom).
245 _aRajasthan an oral history conversations with Komal Kothari.
260 _aDelhi
_bPenguin Books
_c2003
300 _a358
650 _aRajasthan Folklore Sati
690 _aIndian History
906 _a058373
999 _c105375
_d105375